| 000 | 00853nam a2200229 a 4500 | ||
|---|---|---|---|
| 005 | 20100505160026.0 | ||
| 008 | 090824s2009 ii a g 000 0deng d | ||
| 020 |
_a8181160673 _c850.00 |
||
| 037 | _aPUB | ||
| 040 |
_adpl _bEnglish |
||
| 100 | _aBharat Bhushan | ||
| 245 |
_aMedieval India / _cby Bharat Bhushan |
||
| 260 |
_aNew Delhi _bMaxford Books _c2008 |
||
| 270 |
_a4264/3IInd Floor, Ansari Road, Daryaganj _bNew Delhi _e110002 |
||
| 300 |
_a272p. _c25cm(Hb) |
||
| 500 | _aIncludes bibliographical references and index | ||
| 520 | _aAnecdotes of a 20th century Indo-English author; some previously published as articles-- | ||
| 600 |
_aBond, Ruskin _vAnecdotes. |
||
| 650 |
_aAuthors, Indic _y20th century _vAnecdotes. |
||
| 942 |
_2ddc _cEN _mBHA |
||
| 999 |
_c35721 _d35721 |
||